Características morfológicas y químicas de salados en la Cuenca Medio Caquetá Amazonas, Colombia (Registro nro. 10167)

Detalles MARC
000 -CABECERA
Campo de control 006270000a22001810004500
090 ## - CLASIFICACIÓN LOCAL
Colección AR
Consecutivo 01079
041 0# - IDIOMA
Código de idioma para texto/pista de sonido o título separado
100 1# - ASIENTO PRINCIPAL--NOMBRE PERSONAL
Nombre personal Lips, Johanna María
245 10 - MENCION DE TITULO
Título Características morfológicas y químicas de salados en la Cuenca Medio Caquetá Amazonas, Colombia
650 14 - ASIENTO SECUNDARIO DE MATERIA - TERMINO TEMATICO
Término temático o nombre geográfico como elemento de entrada Ecología del paisaje
650 14 - ASIENTO SECUNDARIO DE MATERIA - TERMINO TEMATICO
Término temático o nombre geográfico como elemento de entrada Nutrientes del suelo
650 14 - ASIENTO SECUNDARIO DE MATERIA - TERMINO TEMATICO
Término temático o nombre geográfico como elemento de entrada Análisis del agua
650 14 - ASIENTO SECUNDARIO DE MATERIA - TERMINO TEMATICO
Término temático o nombre geográfico como elemento de entrada Salados
651 #4 - ASIENTO SECUNDARIO DE MATERIA - NOMBRE GEOGRAFICO
-- Río Caquetá
-- Amazonas
-- Colombia
700 1# - ASIENTO SECUNDARIO - NOMBRE PERSONAL
Nombre personal Duivenvoorden, Joost Franciscus
773 1# - Item fuente:
Título Colombia Amazónica
Especificación de materiales 395
Descripción física 1
Paginas del Articulo 119-125
Lugar, editorial y fecha de publicación 1991
Información sobre la relación 5
942 ## - ELEMENTOS ADICIONALES (KOHA)
Tipo de ítem Artículo
Existencias
Withdrawn status Lost status Damaged status No para préstamo Colección Ubicación Permanente Ubicación actual Fecha de adquisición Fuente de Valor Datos de publicación Seriada Total Checkouts Número topográfico Inventario / Código de Barras Date last seen Ejemplar Price effective from Forma de adquisición Tipo de material
      No para Préstamo Hemeroteca Bogotá Bogotá 27/02/2015 Muñoz Saba, Yaneth Fuera de circulación   AR 01079 011399 25/03/2015 1 25/03/2015   Artículo